000 02437nkm0a2200481 4500
001 RU\NLR\BIBL_A\022575646
005 20260119110004.0
035 _a(NLR Aleph) 022575646
071 5 0 _d1 р. 20 к.
_912000
090 _a88944
_c88944
100 _a20250627f1942 u y0rusy50 ca
101 0 _arus
102 _aRU
116 _aiiyaxx bi ad
135 _acrcn 024anaba
181 0 _ab4
_bxb2e
182 0 _an
200 1 _a37-мм миномет
_e[плакат]
_fхуд. Ф. Благонадеждин
_gредактор С. Челушкин
203 _aИзображение
_bнеподвижное
_bдвухмерное
_bвизуальное
_cнепосредственное
210 _aКуйбышев
_cКуйбышевское издательство
_d[1942]
_eКуйбышев
_gТипография им. Мяги
215 _a1 л.
_cлитогр.
_d82х55
300 _aВ вып. дан.: Подписано к печати 22 сентября 1942 г. ЕО30683; Зак. 1235
325 _aКопия доступна в Электрон. б-ке РНБ
606 1 _aПлакат инструктивный
_2nlr_sh2
_3RU\NLR\AUTH\6601761657
606 1 _aВеликая Отечественная война
_z1941 - 1945
_jПлакаты
_2nlr_sh1
_2nlr_sh2
_3RU\NLR\AUTH\668893
606 1 _aМинометы 37 мм
_jПлакаты
_2nlr_sh1
_3RU\NLR\AUTH\66706126
686 _aЩ150.466
700 1 _aБлагонадеждин
_bФ.
_4040
712 0 2 _aКуйбышевское краевое государствоенное издательство
_3RU\NLR\AUTH\8810146978
_4650
712 0 2 _aТипография им. В. П. Мяги
_c9; Куйбышев
_3RU\NLR\AUTH\880626608
_4610
852 0 0 _aNLR
_bЭ
_jНпВо723/6-38
_mЭ045208
856 0 _uhttps://vivaldi.nlr.ru/la000070988/view
856 1 _uhttps://vivaldi.nlr.ru/la000070988/cover
856 2 _uhttps://vivaldi.nlr.ru/la000070988/text
901 _eИзографические материалы
942 _cVISUAL
945 _aРоссийская национальная библиотека
980 _aBV
980 _aNB
981 1 7 _a(17) Изографические материалы
_b(17) Плакаты